000 00775cab a22002175a 4500
001 L148253
008 090824e20090801xxk f 000 0 eng d
035 _a(Sirsi) u148253
041 0 _aeng
100 1 _aShaw, Keith
245 0 0 _aBone of contention
260 _c2009
490 _aEstates Gazette
_v(0930) 1 August 2009, 58-59 (2)
520 _aExplains the concept of vacant possession and the three main requirements for the exercise of a tenant's break option.
590 _aKA
650 2 4 _aCODE FOR LEASING BUSINESS PREMISES IN ENGLAND AND WALES 2007
651 4 _aEngland and Wales
_y1543-
690 _aPROPERTY-COMMERCIAL PROPERTY-LEASEHOLD COMMERCIAL PROPERTY-COMMERCIAL LANDLORD AND TENANT-BUSINESS TENANCIES
700 1 _aGarrett, Scott
942 _n0
999 _c81764
_d81764